[Event "Bled Olympiad"]
[Site "Bled SLO"]
[Date "2002.11.04"]
[EventDate "2002.10.26"]
[Round "9"]
[Result "1/2-1/2"]
[White "Nabil Doghri"]
[Black "Ilir Seitaj"]
[WhiteElo "2325"]
[BlackElo "2406"]
[PlyCount "87"]

1. e4 e5 2. Bc4 Nc6 3. Nc3 Nf6 4. d3 Be7 5. f4 d6 6. Nf3 O-O
7. f5 Na5 8. Bg5 c6 9. Qe2 b5 10. Bb3 Nd7 11. h4 Bb7 12. g4
Nxb3 13. axb3 b4 14. Nd1 d5 15. Nf2 a5 16. Bxe7 Qxe7 17. g5 c5
18. h5 Ra6 19. Ng4 Rfa8 20. f6 Qe6 21. Rh4 dxe4 22. dxe4 a4
23. bxa4 Rxa4 24. Rxa4 Rxa4 25. fxg7 b3 26. Nh6+ Kxg7 27. Nf5+
Kh8 28. cxb3 Rb4 29. g6 Bxe4 30. Ng5 Qxf5 31. Nxf7+ Kg7
32. Nd6 Qg5 33. h6+ Kg8 34. Rxe4 Qg1+ 35. Kd2 Rd4+ 36. Rxd4
Qxd4+ 37. Kc2 hxg6 38. Ne4 Kh7 39. Qg4 Kxh6 40. Qg5+ Kg7
41. Qe7+ Kh6 42. Qg5+ Kg7 43. Qe7+ Kh6 44. Qg5+ 1/2-1/2

[Event "Bled Olympiad"]
[Site "Bled SLO"]
[Date "2002.11.04"]
[EventDate "2002.10.26"]
[Round "9"]
[Result "0-1"]
[White "G Thibaut"]
[Black "Wu Shaobin"]
[WhiteElo "2360"]
[BlackElo "2544"]
[PlyCount "75"]

1. Nf3 Nf6 2. g3 b6 3. Bg2 Bb7 4. O-O c5 5. d3 d5 6. Nbd2 e6
7. c3 Be7 8. Qc2 O-O 9. Re1 Nc6 10. e4 h6 11. Nf1 b5 12. Bd2
Re8 13. Rad1 Qb6 14. Qb1 a5 15. h3 Ba6 16. g4 b4 17. e5 Nd7
18. Ng3 bxc3 19. Bxc3 Rab8 20. b3 a4 21. Qa1 axb3 22. axb3 Ra8
23. Qb1 Reb8 24. Nd2 Qb5 25. Bf1 d4 26. Ba1 Ndxe5 27. f4 Bh4
28. Kh2 Ng6 29. Qc1 Bb7 30. Nde4 Be7 31. f5 Nh4 32. f6 Nf3+
33. Kh1 Nxe1 34. fxe7 Nxe7 35. Rxe1 f5 36. gxf5 exf5 37. Bg2
fxe4 38. Nxe4 0-1

[Event "Bled Olympiad"]
[Site "Bled SLO"]
[Date "2002.11.04"]
[EventDate "2002.10.26"]
[Round "9"]
[Result "0-1"]
[White "Meng-Kong Wong"]
[Black "Hassan Abdullah"]
[WhiteElo "2496"]
[BlackElo "2296"]
[PlyCount "40"]

1. b3 d5 2. Bb2 Nf6 3. e3 Bg4 4. f3 Bf5 5. d3 e6 6. Nd2 c5
7. g3 Nc6 8. Bg2 Qb6 9. e4 Bg6 10. e5 Nd7 11. f4 c4 12. Ngf3
cxd3 13. c3 Nc5 14. Nd4 Na4 15. bxa4 Nxd4 16. cxd4 Qxb2
17. Qb1 Qxd4 18. Qxb7 Qe3+ 19. Kd1 Qe2+ 20. Kc1 Ba3+ 0-1

[Event "Bled Olympiad"]
[Site "Bled SLO"]
[Date "2002.11.04"]
[EventDate "2002.10.26"]
[Round "9"]
[Result "1-0"]
[White "Ibrahim Hasan Labib"]
[Black "Elvis Hernandez"]
[WhiteElo "2432"]
[BlackElo "2287"]
[PlyCount "79"]

1. e4 e6 2. d4 d5 3. Nc3 Bb4 4. e5 c5 5. a3 Bxc3+ 6. bxc3 Ne7
7. Nf3 Nbc6 8. Be2 Qa5 9. Bd2 c4 10. h4 Bd7 11. h5 h6 12. O-O
O-O-O 13. Re1 f5 14. exf6 gxf6 15. Bf1 Nf5 16. Nh2 Rdg8
17. Ng4 Qd8 18. Bf4 Qf8 19. Rb1 Qg7 20. Ne3 Nxe3 21. Rxe3 Qg4
22. Qxg4 Rxg4 23. g3 Nd8 24. Bh3 Rg7 25. Kh2 b6 26. Rbe1 Re8
27. R3e2 Kb7 28. Bf5 Rge7 29. f3 Kc6 30. g4 Rh8 31. Bg3 Ree8
32. Bg6 Ref8 33. f4 e5 34. fxe5 Bxg4 35. Re3 fxe5 36. Rxe5 Bf3
37. Re7 Be4 38. R1xe4 dxe4 39. Bxe4+ Kb5 40. Rxa7 1-0

[Event "Bled Olympiad"]
[Site "Bled SLO"]
[Date "2002.11.04"]
[EventDate "2002.10.26"]
[Round "9"]
[Result "0-1"]
[White "Ramon Mateo"]
[Black "Imed Abdelnabbi"]
[WhiteElo "2420"]
[BlackElo "2412"]
[PlyCount "76"]

1. e4 e5 2. Nf3 Nc6 3. Bb5 a6 4. Ba4 d6 5. c3 Bd7 6. O-O Nge7
7. d4 Ng6 8. Be3 Be7 9. Nbd2 h6 10. Re1 Bg5 11. Nf1 Bxe3
12. fxe3 O-O 13. Ng3 b5 14. Bc2 Nh4 15. Nf5 Nxf3+ 16. Qxf3 Kh7
17. a4 g6 18. Ng3 Qe7 19. b4 Kg7 20. axb5 axb5 21. d5 Rxa1
22. Rxa1 Nb8 23. Bd3 c6 24. Qe2 Rc8 25. Ra3 Qe8 26. Qf3 Qd8
27. Nf1 Qb6 28. Qf2 Na6 29. Qa2 Nc7 30. Ra7 cxd5 31. exd5 Be8
32. Be4 f5 33. Bd3 Bf7 34. c4 bxc4 35. Bxc4 Qxb4 36. Ba6 Nxa6
37. Rxa6 Rc1 38. e4 Qxe4 0-1

[Event "Bled Olympiad"]
[Site "Bled SLO"]
[Date "2002.11.04"]
[EventDate "2002.10.26"]
[Round "9"]
[Result "1-0"]
[White "Shojaat Ghane"]
[Black "Y Faraj"]
[WhiteElo "2406"]
[BlackElo "2217"]
[PlyCount "81"]

1. d4 g6 2. c4 Bg7 3. Nf3 f5 4. Nc3 Nf6 5. Bg5 O-O 6. Qc1 d6
7. Bh6 Nc6 8. d5 Ne5 9. Bxg7 Kxg7 10. Nxe5 dxe5 11. Qe3 Ng4
12. Qd2 e6 13. e3 exd5 14. cxd5 Bd7 15. Be2 Nf6 16. O-O Ne8
17. Rac1 Qe7 18. Rc2 Rf6 19. Rfc1 a6 20. Bc4 Rd6 21. Nb1 c6
22. Qa5 b5 23. dxc6 Bxc6 24. Bb3 Be4 25. Rc5 Nf6 26. Rc7 Rd7
27. Rxd7 Nxd7 28. Nc3 Bb7 29. Qc7 Be4 30. Nxe4 fxe4 31. Rd1
Rd8 32. Be6 Qxe6 33. Qxd8 Nf6 34. Rd6 Qf7 35. h3 g5 36. Rc6
Kg6 37. Rxa6 h5 38. a3 h4 39. Qb6 g4 40. hxg4 Kg5 41. Qxf6+
1-0

[Event "Bled Olympiad"]
[Site "Bled SLO"]
[Date "2002.11.04"]
[EventDate "2002.10.26"]
[Round "9"]
[Result "1-0"]
[White "Aleksei Kulashko"]
[Black "Otto Nakapunda"]
[WhiteElo "2400"]
[BlackElo "2141"]
[PlyCount "47"]

1. e4 c6 2. d4 d5 3. exd5 cxd5 4. c4 Nf6 5. Nc3 e6 6. Nf3 Be7
7. c5 O-O 8. Bd3 b6 9. b4 a5 10. Na4 Nbd7 11. Bf4 Bb7 12. a3
Rc8 13. O-O Nh5 14. Bd2 g6 15. Re1 bxc5 16. bxc5 Bc6 17. Nb6
Nxb6 18. Bxa5 Qe8 19. Bxb6 Ra8 20. Ne5 Ba4 21. Qd2 Nf6 22. Qh6
Qc8 23. Re3 Re8 24. Qf4 1-0

[Event "Olympiad"]
[Site "Bled SLO"]
[Date "2002.11.04"]
[EventDate "2002.10.26"]
[Round "9"]
[Result "0-1"]
[White "Daniel Mieles Palau"]
[Black "Luis Valenzuela Fuentealba"]
[WhiteElo "2416"]
[BlackElo "2423"]
[PlyCount "134"]

1. e4 c5 2. Nf3 d6 3. d4 cxd4 4. Qxd4 Bd7 5. c4 Nc6 6. Qd2 g6
7. b3 Bh6 8. Qb2 Qa5+ 9. Bd2 Bxd2+ 10. Nbxd2 Nf6 11. a3 Bg4
12. b4 Qh5 13. Be2 O-O 14. O-O a5 15. Bd3 Rfc8 16. Rfe1 Bxf3
17. Nxf3 Ng4 18. h3 Nge5 19. Nxe5 Qxe5 20. Rab1 Qxb2 21. Rxb2
axb4 22. axb4 Ne5 23. Bf1 Nxc4 24. Rc2 Ne5 25. Rec1 Rxc2
26. Rxc2 Kf8 27. Rc7 Rb8 28. b5 g5 29. b6 h5 30. Be2 h4
31. Kf1 e6 32. Bb5 Kg7 33. Bd7 Kf6 34. Ke2 d5 35. exd5 exd5
36. Bc8 Nc4 37. Bxb7 Re8+ 38. Kd3 Nxb6 39. Rc5 Ke5 40. Rc7 f6
41. Rc6 Nc4 42. Rc5 Rd8 43. g3 hxg3 44. fxg3 Nb6 45. Rb5 Rd6
46. Rb1 f5 47. Re1+ Kf6 48. Kd4 Nc4 49. Kc5 Rd8 50. Bxd5 Ne5
51. Ra1 f4 52. Ra6+ Kg7 53. Ra7+ Kh6 54. gxf4 gxf4 55. Re7
Nd7+ 56. Kc6 Nf6 57. Bc4 Rd2 58. Rf7 Kg6 59. Ra7 Kf5 60. Ra5+
Ke4 61. Be6 Ke3 62. Rf5 Ne4 63. Bd5 f3 64. h4 f2 65. Bc4 Rc2
66. Kd5 Rxc4 67. h5 Rc5+ 0-1

[Event "Bled Olympiad"]
[Site "Bled SLO"]
[Date "2002.11.05"]
[EventDate "2002.10.26"]
[Round "10"]
[Result "1/2-1/2"]
[White "Emir Dizdarevic"]
[Black "Robert Ruck"]
[WhiteElo "2520"]
[BlackElo "2572"]
[PlyCount "22"]

1. Nf3 g6 2. e4 Bg7 3. d4 d6 4. Be2 Nf6 5. Nbd2 O-O 6. O-O Nc6
7. c3 e5 8. dxe5 Nxe5 9. Nxe5 dxe5 10. Qc2 Qe7 11. a4 Rd8
1/2-1/2

[Event "Bled Olympiad"]
[Site "Bled SLO"]
[Date "2002.11.05"]
[EventDate "2002.10.26"]
[Round "10"]
[Result "1/2-1/2"]
[White "Ramachandran Ramesh"]
[Black "Stuart Conquest"]
[WhiteElo "2475"]
[BlackElo "2537"]
[PlyCount "106"]

1. e4 Nf6 2. e5 Nd5 3. d4 d6 4. Nf3 dxe5 5. Nxe5 c6 6. Bc4 Nd7
7. Nf3 N7b6 8. Bb3 Bg4 9. O-O e6 10. c4 Nf6 11. Be3 Be7
12. Nbd2 O-O 13. h3 Bh5 14. g4 Bg6 15. Ne5 c5 16. Nxg6 hxg6
17. dxc5 Nbd7 18. c6 bxc6 19. Qf3 Bc5 20. Qxc6 Bxe3 21. fxe3
Ne5 22. Qg2 Qb6 23. Rae1 Rad8 24. Ne4 Nxe4 25. Qxe4 Nd3
26. Re2 Nc5 27. Qf4 Nxb3 28. axb3 Qxb3 29. Kf2 Qb4 30. Rc1 Rd2
31. Rc2 Rxe2+ 32. Kxe2 Rc8 33. Qd4 Qb3 34. Qd3 Qb8 35. Kf3
Qb7+ 36. Qe4 Qa6 37. b4 f5 38. Qd4 Qb7+ 39. Kf2 Qxb4 40. Qd7
Rf8 41. Qxe6+ Kh7 42. Kg2 Qb7+ 43. Qd5 Qb3 44. Re2 a5 45. Qd4
Qb7+ 46. Qd5 Qb3 47. Qd4 Qb7+ 48. Qd5 Qe7 49. Rf2 Qxe3
50. gxf5 Qg5+ 51. Kh2 gxf5 52. Qxa5 Qe3 53. Qd2 Qe5+ 1/2-1/2

[Event "Bled Olympiad"]
[Site "Bled SLO"]
[Date "2002.11.05"]
[EventDate "2002.10.26"]
[Round "10"]
[Result "1/2-1/2"]
[White "Lubomir Ftacnik"]
[Black "Ognjen Cvitan"]
[WhiteElo "2603"]
[BlackElo "2562"]
[PlyCount "61"]

1. Nf3 Nf6 2. c4 b6 3. g3 c5 4. Bg2 Bb7 5. Nc3 g6 6. O-O Bg7
7. d4 cxd4 8. Qxd4 d6 9. Rd1 Nbd7 10. Be3 Rc8 11. Rac1 O-O
12. Qh4 a6 13. b3 Rc7 14. Bh6 Qa8 15. Nd5 Nxd5 16. cxd5 Rxc1
17. Bxc1 Re8 18. e4 Ne5 19. Nxe5 Bxe5 20. Bg5 Qd8 21. Bh3 h5
22. Rc1 b5 23. g4 hxg4 24. Qxg4 Bf6 25. f3 a5 26. Bxf6 exf6
27. Qd7 Qb6+ 28. Kg2 Rf8 29. Rc7 Qe3 30. Rxb7 Qe2+ 31. Kg3
1/2-1/2

[Event "Bled Olympiad"]
[Site "Bled SLO"]
[Date "2002.11.05"]
[EventDate "2002.10.26"]
[Round "10"]
[Result "1/2-1/2"]
[White "Zdenko Kozul"]
[Black "Sergei Movsesian"]
[WhiteElo "2565"]
[BlackElo "2651"]
[PlyCount "107"]

1. d4 Nf6 2. c4 c6 3. Nc3 d5 4. e3 a6 5. Bd2 b5 6. cxd5 cxd5
7. Nf3 e6 8. Bd3 Bb7 9. O-O Bd6 10. Ne5 Nbd7 11. f4 Ne4 12. a4
b4 13. Nxe4 dxe4 14. Bc4 O-O 15. a5 Nf6 16. f5 Bd5 17. Bxd5
exd5 18. Qe2 Qb8 19. Rac1 Qb7 20. Be1 Rfc8 21. Bh4 Rxc1
22. Rxc1 Rc8 23. Rf1 Ne8 24. f6 g6 25. Bg3 b3 26. h4 Rc2
27. Qg4 Qc8 28. Qg5 Rc1 29. Be1 Bf8 30. Ng4 h6 31. Nxh6+ Bxh6
32. Qxh6 Nxf6 33. Qg5 Ng4 34. h5 Qe6 35. hxg6 Qxg6 36. Qf4 Qh5
37. Qg3 Kg7 38. Qf4 f6 39. Qg3 Kf7 40. Qd6 Kg6 41. Qb8 Rc8
42. Rxf6+ Kxf6 43. Qd6+ Kf7 44. Qd7+ Kf6 45. Qd6+ Kg7 46. Qd7+
Kg6 47. Qe6+ Nf6 48. Qxc8 Qe2 49. Qc1 Ng4 50. Qc6+ Nf6 51. Qc1
Ng4 52. Qc6+ Kg7 53. Qd7+ Kg6 54. Qe8+ 1/2-1/2

[Event "Bled Olympiad"]
[Site "Bled SLO"]
[Date "2002.11.05"]
[EventDate "2002.10.26"]
[Round "10"]
[Result "1/2-1/2"]
[White "Robert Kempinski"]
[Black "Alexander Moiseenko"]
[WhiteElo "2532"]
[BlackElo "2570"]
[PlyCount "82"]

1. d4 Nf6 2. c4 e6 3. Nf3 Bb4+ 4. Nbd2 b6 5. a3 Bxd2+ 6. Qxd2
Bb7 7. e3 O-O 8. Be2 d6 9. O-O Nbd7 10. b4 Ne4 11. Qd3 f5
12. Nd2 Rf6 13. f3 Ng5 14. d5 Rg6 15. f4 Nf7 16. Bb2 b5
17. Bf3 bxc4 18. Nxc4 Bxd5 19. Bxd5 exd5 20. Qxd5 Qe8 21. Rae1
Nf6 22. Qxf5 Qc6 23. Qh3 Qxc4 24. Rc1 Qb3 25. Rxc7 Rh6 26. Qf3
Re8 27. Bd4 Ne4 28. Rfc1 Qd5 29. Rc8 Rhe6 30. Qg4 g6 31. Rxe8+
Rxe8 32. Qd7 Rf8 33. Rc8 Qf5 34. Rxf8+ Kxf8 35. Qxa7 Qc8
36. h3 g5 37. fxg5 Nfxg5 38. Qg7+ Ke8 39. h4 Qg4 40. hxg5 Qd1+
41. Kh2 Qh5+ 1/2-1/2

[Event "Bled Olympiad"]
[Site "Bled SLO"]
[Date "2002.11.05"]
[EventDate "2002.10.26"]
[Round "10"]
[Result "1/2-1/2"]
[White "Vladimir Baklan"]
[Black "Kamil Miton"]
[WhiteElo "2607"]
[BlackElo "2564"]
[PlyCount "103"]

1. e4 c5 2. Nf3 d6 3. d4 cxd4 4. Nxd4 Nf6 5. Nc3 Nc6 6. f3 e5
7. Nb3 Be7 8. Be3 O-O 9. Qd2 a5 10. Bb5 Be6 11. Rd1 Na7
12. Bd3 Nc8 13. O-O Nb6 14. Rfe1 Nc4 15. Bxc4 Bxc4 16. a4 h6
17. Qf2 Qc8 18. Kh1 Qc6 19. Rd2 b5 20. axb5 Bxb5 21. Nc1 a4
22. Nxb5 Qxb5 23. Nd3 Rfc8 24. Rde2 a3 25. bxa3 Rxa3 26. h3
Qa4 27. Rb1 Rac3 28. Ne1 R3c4 29. Rb7 Bf8 30. Rd2 Rb4 31. Rxb4
Qxb4 32. Rd1 Qc4 33. Qd2 d5 34. exd5 Bb4 35. Qd3 Bxe1 36. Rxe1
Nxd5 37. Bd2 Qxd3 38. cxd3 f6 39. Kg1 Rc2 40. Rd1 Kf7 41. Kf1
g5 42. Ke1 Ne7 43. Rc1 Ra2 44. Rc7 Ke6 45. g4 Kd6 46. Rb7 Nc6
47. Bb4+ Ke6 48. Bf8 Rh2 49. Rc7 Nd4 50. Re7+ Kd5 51. Rd7+ Ke6
52. Re7+ 1/2-1/2

[Event "Bled Olympiad"]
[Site "Bled SLO"]
[Date "2002.11.05"]
[EventDate "2002.10.26"]
[Round "10"]
[Result "1/2-1/2"]
[White "Ivan Sokolov"]
[Black "Mikhael Mchedlishvili"]
[WhiteElo "2684"]
[BlackElo "2551"]
[PlyCount "92"]

1. d4 Nf6 2. c4 e6 3. Nf3 b6 4. Nc3 Bb4 5. Bg5 Bb7 6. Qb3 c5
7. a3 Ba5 8. dxc5 Na6 9. c6 Bxc6 10. Qc2 Bxc3+ 11. Qxc3 Nc5
12. Nd2 O-O 13. f3 d5 14. e3 Rc8 15. b4 Na4 16. Qe5 Nd7
17. Qg3 f6 18. cxd5 Bxd5 19. Bh6 Qe7 20. e4 Bb7 21. Bb5 Bc6
22. Ba6 Rcd8 23. Rc1 Nb8 24. Be2 Kh8 25. Be3 Rc8 26. O-O Bb7
27. Nc4 Ba6 28. Rfe1 e5 29. f4 Nd7 30. Nxb6 Rxc1 31. Bxc1 Bxe2
32. Nd5 exf4 33. Qxf4 Qe6 34. Rxe2 Nab6 35. Nxb6 axb6 36. Bb2
Re8 37. Rd2 h6 38. h3 Qb3 39. Kh2 Ne5 40. Qf5 Nc4 41. Qg6 Nxd2
42. Qxe8+ Kh7 43. Bxf6 Qb1 44. Qf7 Nf1+ 45. Kg1 Ng3+ 46. Kh2
Nf1+ 1/2-1/2

[Event "Bled Olympiad"]
[Site "Bled SLO"]
[Date "2002.11.05"]
[EventDate "2002.10.26"]
[Round "10"]
[Result "1/2-1/2"]
[White "Zviad Izoria"]
[Black "Sergei Tiviakov"]
[WhiteElo "2572"]
[BlackElo "2631"]
[PlyCount "55"]

1. d4 Nf6 2. c4 e6 3. Nf3 b6 4. e3 Bb7 5. Nc3 Bb4 6. Bd3 O-O
7. O-O c5 8. Na4 cxd4 9. exd4 Re8 10. a3 Bf8 11. b4 d6 12. Bb2
Nbd7 13. Re1 Rc8 14. Nc3 a6 15. Bf1 Qc7 16. Nd2 Qb8 17. Rb1
Qa8 18. f3 Rc7 19. Kh1 Rec8 20. Nb3 e5 21. dxe5 Nxe5 22. Na4
Nfd7 23. Nd2 Bc6 24. Nc3 Nf6 25. Na4 Nfd7 26. Nc3 Nf6 27. Na4
Nfd7 28. Nc3 1/2-1/2

[Event "Bled Olympiad"]
[Site "Bled SLO"]
[Date "2002.11.05"]
[EventDate "2002.10.26"]
[Round "10"]
[Result "0-1"]
[White "Marek Vokac"]
[Black "Klaus Bischoff"]
[WhiteElo "2507"]
[BlackElo "2554"]
[PlyCount "94"]

1. d4 e6 2. c4 Bb4+ 3. Bd2 a5 4. Nf3 b6 5. g3 Nf6 6. Bg2 Ba6
7. Qc2 O-O 8. O-O d5 9. Ne5 h6 10. Bxb4 axb4 11. Nd2 Bb7
12. cxd5 exd5 13. Rfc1 Na6 14. Nb3 Re8 15. Nd3 Bc8 16. Qd2 Bd7
17. e3 Qe7 18. Ne5 Ba4 19. f4 Red8 20. Qe2 c5 21. g4 c4
22. Nd2 Be8 23. g5 hxg5 24. fxg5 Nh7 25. g6 fxg6 26. e4 b5
27. exd5 Nf6 28. Rf1 Nc7 29. d6 Qxd6 30. Bxa8 Qxd4+ 31. Rf2
Rxa8 32. Ndf3 Qb6 33. Nh4 Ncd5 34. Qf3 b3 35. Nhxg6 Rxa2
36. Raf1 Rxb2 37. Qh3 Bxg6 38. Nxg6 Rxf2 39. Rxf2 b2 40. Qc8+
Kf7 41. Qf5 Qd4 42. Ne5+ Qxe5 43. Qxe5 b1=Q+ 44. Rf1 Qg6+
45. Kh1 Qd3 46. Re1 Qf3+ 47. Kg1 Nf4 0-1

[Event "Bled Olympiad"]
[Site "Bled SLO"]
[Date "2002.11.05"]
[EventDate "2002.10.26"]
[Round "10"]
[Result "0-1"]
[White "Vlastimil Babula"]
[Black "Alexander (Nenashev) Graf"]
[WhiteElo "2590"]
[BlackElo "2635"]
[PlyCount "112"]

1. d4 Nf6 2. c4 e6 3. Nc3 Bb4 4. e3 c5 5. Nge2 b6 6. a3 Ba5
7. Rb1 Na6 8. Bd2 O-O 9. Ng3 Bb7 10. Bd3 d5 11. cxd5 cxd4
12. exd4 Bxc3 13. bxc3 Qxd5 14. Qe2 Nb8 15. f3 Qa2 16. Bg5
Qxe2+ 17. Kxe2 Nd5 18. Rhc1 Nc6 19. Kf2 h6 20. Bd2 Rfd8
21. Ne2 Nde7 22. Be3 e5 23. Be4 Rd7 24. c4 exd4 25. Nxd4 Nxd4
26. Bxb7 Rxb7 27. Bxd4 Rd8 28. Be3 Rd3 29. Rb5 Rxa3 30. c5
Ra2+ 31. Kg1 Re2 32. Bf2 Rc7 33. Rcb1 bxc5 34. Kf1 Ra2
35. Rb8+ Nc8 36. Bg3 Rc6 37. R1b7 Kh7 38. Rxf7 Nd6 39. Rff8
Nc4 40. Bf4 Rb6 41. h4 Rxb8 42. Rxb8 a5 43. Rb5 Rc2 44. Kg1 a4
45. Rxc5 a3 46. Rc7 a2 47. Ra7 Kg6 48. Kh2 Kf5 49. Rf7+ Ke6
50. Ra7 Kd5 51. Kh3 Kd4 52. Bh2 Kc3 53. Bg1 Rd2 54. Bc5 Kb3
55. Bf8 Rd7 56. Rxd7 a1=Q 0-1

[Event "Bled Olympiad"]
[Site "Bled SLO"]
[Date "2002.11.05"]
[EventDate "2002.10.26"]
[Round "10"]
[Result "1/2-1/2"]
[White "Christopher Lutz"]
[Black "Zbynek Hracek"]
[WhiteElo "2645"]
[BlackElo "2607"]
[PlyCount "44"]

1. e4 e5 2. Nf3 Nc6 3. Bb5 a6 4. Ba4 Nf6 5. O-O Be7 6. Re1 b5
7. Bb3 O-O 8. a4 b4 9. d3 d6 10. a5 Be6 11. Nbd2 Rb8 12. Bc4
Qc8 13. Nf1 h6 14. Ne3 Re8 15. h3 Bf8 16. Bd2 Bxc4 17. Nxc4
Rb5 18. Nh2 d5 19. exd5 Rxd5 20. Ng4 Nxg4 21. hxg4 b3 22. Bc3
Qd7 1/2-1/2

[Event "Bled Olympiad"]
[Site "Bled SLO"]
[Date "2002.11.05"]
[EventDate "2002.10.26"]
[Round "10"]
[Result "0-1"]
[White "Ashot Anastasian"]
[Black "Tiger Hillarp Persson"]
[WhiteElo "2555"]
[BlackElo "2493"]
[PlyCount "54"]

1. d4 d5 2. c4 c6 3. e3 Nf6 4. Nf3 Bf5 5. cxd5 cxd5 6. Qb3 Qc7
7. Nc3 e6 8. Bd2 Nc6 9. Rc1 Nd7 10. Nh4 Bg6 11. Nxg6 hxg6
12. e4 Nxd4 13. Qa4 Nc6 14. exd5 Qe5+ 15. Be2 Nb6 16. Qb5 exd5
17. Na4 Bd6 18. Nxb6 axb6 19. Rxc6 bxc6 20. Qxc6+ Ke7 21. Qb7+
Ke6 22. Bc3 Qe4 23. f3 Qe3 24. Kd1 Rhb8 25. Qc6 Rc8 26. Qb7
Rxc3 27. bxc3 Rxa2 0-1

[Event "Bled Olympiad"]
[Site "Bled SLO"]
[Date "2002.11.05"]
[EventDate "2002.10.26"]
[Round "10"]
[Result "1/2-1/2"]
[White "Jonny Hector"]
[Black "Gabriel Sargissian"]
[WhiteElo "2590"]
[BlackElo "2568"]
[PlyCount "141"]

1. e4 e5 2. Nf3 Nc6 3. d4 exd4 4. Nxd4 Bc5 5. Be3 Qf6 6. c3
Nge7 7. Bc4 Ne5 8. Be2 Qg6 9. O-O d6 10. f3 O-O 11. Kh1 Bb6
12. Nd2 d5 13. Bf4 Qf6 14. Bg3 c5 15. Nc2 Rd8 16. Qe1 N5g6
17. exd5 Nxd5 18. Ne4 Qe7 19. Rd1 Ndf4 20. Rxd8+ Qxd8 21. Bc4
Be6 22. Bxe6 Nxe6 23. Ne3 Qd3 24. c4 Nef4 25. b3 Rd8 26. h3 h6
27. Rf2 Qd7 28. Rd2 Qc8 29. Qd1 Rd4 30. Nc2 Rxd2 31. Qxd2 Nxh3
32. gxh3 Qxh3+ 33. Kg1 f5 34. Qd5+ Kh8 35. Qd7 Qh5 36. Nd6
Qxf3 37. Nxf5 Ne7 38. Nce3 Nxf5 39. Nxf5 Qg4 40. Kf2 Ba5
41. Qd3 Bc3 42. Kg2 Bf6 43. Qf3 Qg5 44. Kh3 Qc1 45. Kg2 b6
46. Nd6 Qd2+ 47. Kh3 Qxa2 48. Nf7+ Kg8 49. Qd5 Kh7 50. Qf5+
Kg8 51. Qe6 Kh7 52. Qf5+ Kg8 53. Nxh6+ gxh6 54. Qxf6 Qxb3
55. Qe6+ Kg7 56. Kh4 Qf3 57. Be5+ Kh7 58. Bg3 Qh1+ 59. Kg4
Qd1+ 60. Kh3 Qh1+ 61. Kg4 Qd1+ 62. Kf4 Qd4+ 63. Kf3 Qd3+
64. Kg2 Qc2+ 65. Kh3 Qg6 66. Qe7+ Qg7 67. Qe4+ Qg6 68. Qb7+
Qg7 69. Qe4+ Qg6 70. Qb7+ Qg7 71. Qe4+ 1/2-1/2

[Event "Bled Olympiad"]
[Site "Bled SLO"]
[Date "2002.11.05"]
[EventDate "2002.10.26"]
[Round "10"]
[Result "0-1"]
[White "Leif Erlend Johannessen"]
[Black "Stelios Halkias"]
[WhiteElo "2534"]
[BlackElo "2528"]
[PlyCount "68"]

1. d4 d5 2. Nf3 e6 3. e3 c5 4. b3 Nf6 5. Bd3 cxd4 6. exd4 Bb4+
7. c3 Bd6 8. O-O O-O 9. Qe2 Qc7 10. Ne5 Bxe5 11. dxe5 Nfd7
12. Re1 b6 13. b4 a5 14. b5 Nc5 15. Bc2 Nbd7 16. a4 Bb7
17. Ra3 f6 18. exf6 Rxf6 19. c4 d4 20. Bg5 Rf7 21. Rh3 g6
22. f4 e5 23. fxe5 Re8 24. Qd2 Rxe5 25. Rd1 Be4 26. Bh6 d3
27. Bxd3 Nxd3 28. Nc3 Bf5 29. Rxd3 Bxd3 30. Nd5 Qxc4 31. Ne3
Qh4 32. Qxd3 Qxh6 33. Ng4 Qf4 34. Nxe5 Qxe5 0-1

[Event "Bled Olympiad"]
[Site "Bled SLO"]
[Date "2002.11.05"]
[EventDate "2002.10.26"]
[Round "10"]
[Result "1-0"]
[White "Ioannis Nikolaidis"]
[Black "Kjetil A Lie"]
[WhiteElo "2495"]
[BlackElo "2421"]
[PlyCount "97"]

1. Nf3 c5 2. c4 Nc6 3. Nc3 g6 4. e3 e6 5. d4 cxd4 6. exd4 d5
7. cxd5 exd5 8. Bb5 Bg7 9. Bxc6+ bxc6 10. O-O Ne7 11. h3 O-O
12. Re1 Nf5 13. Na4 Qd6 14. b3 Bd7 15. Bb2 Rfe8 16. Qd3 Rad8
17. Ne5 Re7 18. Re2 Rde8 19. Rae1 Bc8 20. Nf3 h5 21. Bc3 Bf6
22. Ne5 Ng7 23. Qd2 a5 24. Bxa5 c5 25. Bb6 Bxe5 26. dxe5 Rxe5
27. Bxc5 Rxe2 28. Rxe2 Rxe2 29. Qxe2 Qf6 30. Qd1 Ne6 31. Qxd5
Nf4 32. Qd6 Be6 33. Kh2 Qg5 34. g3 Ne2 35. Bd4 Nxd4 36. Qxd4
Qf5 37. h4 Qf3 38. Nc3 Bh3 39. Qe4 Qxc3 40. Kxh3 Qa1 41. a4
Qf1+ 42. Qg2 Qd3 43. Qa8+ Kg7 44. Kg2 Qxb3 45. a5 g5 46. a6
gxh4 47. Qb7 Qc2 48. a7 hxg3 49. Qf3 1-0

[Event "Bled Olympiad"]
[Site "Bled SLO"]
[Date "2002.11.05"]
[EventDate "2002.10.26"]
[Round "10"]
[Result "1/2-1/2"]
[White "Levente Vajda"]
[Black "Larry Christiansen"]
[WhiteElo "2576"]
[BlackElo "2566"]
[PlyCount "87"]

1. e4 c5 2. c3 d5 3. exd5 Qxd5 4. d4 Nf6 5. Nf3 g6 6. Qb3 cxd4
7. Bc4 Qe4+ 8. Kf1 e6 9. Nbd2 Qf4 10. Nxd4 Nc6 11. N2f3 Qc7
12. g3 a6 13. Bf4 Bd6 14. Bxd6 Qxd6 15. Rd1 Nxd4 16. Rxd4 Qc6
17. Rf4 b5 18. Rxf6 bxc4 19. Qa3 Bb7 20. Rxf7 O-O-O 21. Rg1
Rd1+ 22. Ke2 Rd7 23. Rf8+ Rd8 24. Rxd8+ Rxd8 25. Nd2 Qd5
26. Rd1 Qh5+ 27. Ke1 Rd5 28. Qf8+ Kc7 29. f3 Qxh2 30. Qf4+ e5
31. Qxc4+ Kb8 32. Nf1 Rxd1+ 33. Kxd1 Qxb2 34. Nd2 h5 35. Qg8+
Ka7 36. Qxg6 Qxa2 37. Qxh5 Qa1+ 38. Kc2 Qa4+ 39. Kd3 Qb5+
40. Kc2 Qa4+ 41. Kb2 Qb5+ 42. Kc1 Qa5 43. Nb1 Qc5 44. Qf7
1/2-1/2

[Event "Bled Olympiad"]
[Site "Bled SLO"]
[Date "2002.11.05"]
[EventDate "2002.10.26"]
[Round "10"]
[Result "1/2-1/2"]
[White "Sergei Azarov"]
[Black "Dejan Stojanovski"]
[WhiteElo "2520"]
[BlackElo "2431"]
[PlyCount "79"]

1. e4 c5 2. Nf3 d6 3. d4 cxd4 4. Nxd4 Nf6 5. Nc3 g6 6. Be3 Bg7
7. f3 O-O 8. Qd2 Nc6 9. O-O-O Nxd4 10. Bxd4 Be6 11. Kb1 Qc7
12. g4 Rfc8 13. h4 Qa5 14. a3 Rab8 15. Ne2 Qxd2 16. Rxd2 a6
17. Nf4 Nd7 18. Bxg7 Kxg7 19. g5 Ne5 20. Nxe6+ fxe6 21. f4 Nc6
22. h5 Rf8 23. Rf2 e5 24. f5 Nd4 25. Bc4 gxf5 26. c3 b5
27. Bd5 e6 28. cxd4 exd5 29. exf5 Kf7 30. f6 Rg8 31. Rf5 Rbe8
32. Rc1 Ke6 33. Rcf1 Kf7 34. Kc2 exd4 35. Rxd5 Re5 36. Rxd6
Rc8+ 37. Kb1 Rxg5 38. Rxd4 Rc7 39. Rdf4 h6 40. Rd4 1/2-1/2

[Event "Bled Olympiad"]
[Site "Bled SLO"]
[Date "2002.11.05"]
[EventDate "2002.10.26"]
[Round "10"]
[Result "1/2-1/2"]
[White "Kiril D Georgiev"]
[Black "Aleksej Aleksandrov"]
[WhiteElo "2658"]
[BlackElo "2621"]
[PlyCount "64"]

1. d4 Nf6 2. c4 e6 3. Nf3 d5 4. g3 dxc4 5. Bg2 Nc6 6. Qa4 Bb4+
7. Bd2 Bd6 8. Nc3 O-O 9. Qxc4 e5 10. d5 Nb4 11. O-O c6
12. dxc6 Nxc6 13. Rfd1 Be6 14. Qh4 Be7 15. Be3 Qa5 16. Qa4
Qxa4 17. Nxa4 Rfd8 18. Nc3 h6 19. Ne1 Bb4 20. Rxd8+ Rxd8
21. Nb5 Ng4 22. Bxc6 bxc6 23. Nxa7 Bxe1 24. Rxe1 Nxe3 25. fxe3
Rd2 26. Nxc6 f6 27. b4 Bxa2 28. Kf2 Bc4 29. Ne7+ Kf8 30. Nf5
Rb2 31. e4 Be6 32. Ra1 Bxf5 1/2-1/2

[Event "Bled Olympiad"]
[Site "Bled SLO"]
[Date "2002.11.05"]
[EventDate "2002.10.26"]
[Round "10"]
[Result "0-1"]
[White "Alexei Fedorov"]
[Black "Vladimir Georgiev"]
[WhiteElo "2564"]
[BlackElo "2501"]
[PlyCount "96"]

1. e4 d6 2. d4 Nf6 3. Bd3 e5 4. c3 d5 5. dxe5 Nxe4 6. Nf3 Nc6
7. Nbd2 Nc5 8. Bb1 Bg4 9. b4 Ne6 10. Qa4 Bh5 11. O-O Qd7
12. b5 Ncd8 13. c4 Nc5 14. Qc2 Nde6 15. Qf5 Bg6 16. Qg4 dxc4
17. Qxc4 a6 18. bxa6 Rxa6 19. Bxg6 hxg6 20. Nb3 Ra4 21. Nxc5
Rxc4 22. Nxd7 Kxd7 23. Rd1+ Kc6 24. Be3 Bc5 25. Rdc1 Rxc1+
26. Rxc1 b6 27. Nd4+ Nxd4 28. Bxd4 Rh4 29. Bxc5 bxc5 30. g3
Re4 31. Kf1 Rxe5 32. a4 Kb6 33. Rb1+ Ka5 34. Rb7 Re7 35. Rb5+
Kxa4 36. Rxc5 Kb4 37. Rc1 c5 38. Rb1+ Ka3 39. Rc1 Rc7 40. Ke2
Kb2 41. Rc4 Kb3 42. Re4 c4 43. Kd1 Rd7+ 44. Kc1 Ra7 45. Kb1 c3
46. Re3 g5 47. g4 Ra4 48. f3 Ra2 0-1